| 000 | 00599cam a2200205Ia 4500 | ||
|---|---|---|---|
| 008 | |||
| 049 | _aMAIN | ||
| 090 |
_aREF RD37 _bMEK |
||
| 100 | _aMekie, Eric C. | ||
| 245 | 0 | 0 |
_aHandbook of surgery / _cby Eric C. Mekie with a foreword by John Fraser. |
| 260 |
_aEdingburgh : _bE. S. Livingstone, _c1936. |
||
| 300 |
_axii, 699 p. : _bill. ; _c19 cm. |
||
| 500 | _aIncludes index. | ||
| 650 | 2 |
_aSurgery _xhandbook. |
|
| 907 |
_a.b10357269 _b27-04-15 _c27-04-15 |
||
| 003 | |||
| 005 | 20230120204153.0 | ||
| 040 | _cNUST | ||
| 942 |
_cBOOKS _kREF RD37 _mMEK |
||
| 999 |
_c118390 _d118390 |
||